|
|
|
|
| LEADER |
01458cam a2200325ua 4500 |
| 001 |
1156 |
| 005 |
20191212161311.0 |
| 007 |
ta |
| 008 |
150625s1997 ii g b000 u eng u |
| 041 |
|
|
|a eng
|h NULL
|
| 082 |
|
|
|a 511.3
|b TRE
|
| 100 |
|
|
|a Tremblay, P .
|
| 245 |
|
|
|a Discrete mathematical structures with applications to computer science /
|c P Tremblay.
|h Textual Documents
|
| 260 |
|
|
|a New Delhi :
|b Tata Mc Graw Hill Publishing Company ,
|c 1997.
|
| 300 |
|
|
|a NULL ;
|c NULL.
|
| 541 |
|
|
|e 00235
|
| 541 |
|
|
|e 01799
|
| 541 |
|
|
|e 02407
|
| 653 |
|
|
|a Mathamatical structures
|
| 653 |
|
|
|a Discrete Mathematics
|
| 852 |
|
|
|t 1
|p DCS01799
|k 511.3
|f 00000
|m TRE
|
| 852 |
|
|
|t 2
|p DCS00235
|k 511.3
|f 00000
|m TRE
|
| 852 |
|
|
|t 3
|p DCS02407
|k 511.3
|f 00000
|m TRE
|
| 852 |
|
|
|t 4
|p DCS04223
|a L
|b Text Books
|k 511.3
|f 00000
|c L
|m TRE
|
| 942 |
|
|
|c BK
|
| 999 |
|
|
|c 237885
|d 237885
|
| 952 |
|
|
|0 0
|1 0
|4 0
|6 511_300000000000000
|7 0
|9 252290
|a DCS
|b DCS
|d 2019-12-12
|f 00000
|l 0
|m 0
|o 511.3
|p DCS01799
|r 2019-12-12
|t 1
|w 2019-12-12
|y BK
|
| 952 |
|
|
|0 0
|1 0
|4 0
|6 511_300000000000000
|7 0
|9 252291
|a DCS
|b DCS
|d 2019-12-12
|f 00000
|l 0
|m 0
|o 511.3
|p DCS00235
|r 2019-12-12
|t 2
|w 2019-12-12
|y BK
|
| 952 |
|
|
|0 0
|1 0
|4 0
|6 511_300000000000000
|7 0
|9 252292
|a DCS
|b DCS
|d 2019-12-12
|f 00000
|l 0
|m 0
|o 511.3
|p DCS02407
|r 2019-12-12
|t 3
|w 2019-12-12
|y BK
|
| 952 |
|
|
|0 0
|1 0
|4 0
|6 511_300000000000000
|7 0
|9 252293
|a DCS
|b DCS
|c L
|d 2019-12-12
|f 00000
|l 0
|m 0
|o 511.3
|p DCS04223
|r 2019-12-12
|t 4
|w 2019-12-12
|y BK
|